000 00331nam a22001457a 4500
008 181011b xxu||||| |||| 00| 0 eng d
020 _a0306419637
041 _aeng
080 _a159.9 LAH
082 _a159.9
100 _a48
101 _aPSI
245 _aAdvances in clinical child psychology
_cLah.B.B
942 _2udc
_cBK
999 _c49340
_d49340